| 000 | 00915nam a2200277 i 4500 | ||
|---|---|---|---|
| 001 | 8192 | ||
| 003 | ES-MaACL | ||
| 005 | 20250827062554.0 | ||
| 007 | t| | ||
| 008 | 920303s1991 sp l |||| | spa d | ||
| 020 | _a84-309-1730-6 | ||
| 080 | _a351.83(46)(094.5) | ||
| 110 | 1 |
_aEspaña _93622 |
|
| 240 | 1 | 0 | _aEstatuto de los trabajadores, 1980 |
| 245 | 1 | 0 |
_aEstatuto de los trabajadores / _cedición preparada por Jesús Cruz Villalón y Jesús Maeztu Gregorio de Tejada. |
| 250 | _a6ª ed. [reimp.]. | ||
| 260 |
_aMadrid : _bTecnos, _c1991. |
||
| 300 |
_a206 p. ; _c17 cm. |
||
| 490 | 1 |
_aBiblioteca de textos legales ; _v30 |
|
| 650 | 0 | 4 |
_aDerecho laboral- _zEspaña _911726 |
| 700 | 1 |
_aCruz Villalón, Jesús. _941853 |
|
| 700 | 1 |
_aMaeztu Gregorio de Tejada, Jesús. _975424 |
|
| 830 | 0 |
_aBiblioteca de textos legales ; _v30 _9177271 |
|
| 852 |
_aES-MaACL _jL-15399 |
||
| 999 |
_c8192 _d8192 |
||